01555nam a2200301 a 4500001001200000003000800012006001900020007001500039008004100054010001700095020001500112040002100127035002000148050002500168082001700193110009700210245028300307260005500590300002400645500014700669504004100816533015200857650003101009650004101040655002901081710001701110856012601127ebr10062875CaPaEBRm u cr cn|||||||||950626s1995 dcua sb 000 0 eng d z 95069627  z0309052831 aCaPaEBRcCaPaEBR a(OCoLC)4292242914aTL798.N3bN38 1995eb04a623.89/32202 aNational Research Council (U.S.).bCommittee on the Future of the Global Positioning System.14aThe global positioning systemh[electronic resource] :ba shared national asset : recommendations for technical improvements and enhancements /cCommittee on the Future of the Global Positioning System, Commission on Engineering and Technical Systems, National Research Council. aWashington, D.C. :bNational Academy Press,c1995. axix, 264 p. :bill. a"... Congress requested a joint study by the National Academy of Sciences and the National Academy of Public Administration (NAPA) ..."--Pref. aIncludes bibliographical references. aElectronic reproduction.bPalo Alto, Calif. :cebrary,d2013.nAvailable via World Wide Web.nAccess may be limited to ebrary affiliated libraries. 0aGlobal Positioning System. 0aArtificial satellites in navigation. 7aElectronic books.2local2 aebrary, Inc.40uhttp://site.ebrary.com/lib/rucke/Doc?id=10062875zAn electronic book accessible through the World Wide Web; click to view